000 00419nam a2200145Ia 4500
005 20260328104251.0
008 260328s9999||||xx |||||||||||||| ||und||
100 _aEspinet, Miguel
245 0 _aEl Espacio Culinario :
_bde la taberna Romana a la cocina Profesional y Doméstica del Siglo XX /
_cMiguel Espinet
250 _a1a ed.
260 _bTusquets
300 _a291 p.
650 _aDISEÑO URBANO
942 _cBK
999 _c10239
_d10239